[Event "BPB Limburg open B"]
[Site "Maastricht"]
[Date "2015.05.25"]
[Round "6"]
[White "Veldhuysen, Klaas"]
[Black "Staudte, Rainer"]
[Result "1-0"]
[WhiteElo "1959"]
[BlackElo "1871"]
[PlyCount "75"]
[EventDate "2015.05.22"]
[EventType "swiss"]
[EventRounds "7"]
[EventCountry "NED"]
[Source "P.Boonen"]
[SourceDate "2015.10.01"]

1. e4 c5 2. Nf3 Nc6 3. Bb5 e6 4. O-O Nge7 5. Re1 a6 6. Bd3 g6 7. c3 Bg7 8. Bc2
O-O 9. d3 Qc7 10. Nbd2 d5 11. Qe2 b5 12. Nf1 Bb7 13. h4 b4 14. e5 a5 15. h5 h6
16. g4 bxc3 17. bxc3 d4 18. c4 Nb4 19. Ba4 Rab8 20. a3 Na6 21. N1h2 gxh5 22. g5
Nf5 23. gxh6 Nxh6 24. Nh4 Kh7 25. Qxh5 Rg8 26. Ng4 Bf8 27. Bxh6 Rxg4+ 28. Qxg4
Bxh6 29. Kf1 Rg8 30. Qh3 Rg5 31. f4 Rg8 32. Ke2 Ba8 33. Rg1 Rxg1 34. Rxg1 Qb7
35. Bb5 Nc7 36. Nf5 exf5 37. Qxf5+ Kh8 38. Qf6+ 1-0

[Event "BPB Limburg open B"]
[Site "Maastricht"]
[Date "2015.05.25"]
[Round "6"]
[White "Verhoef, Ruud"]
[Black "Reichardt, Gert"]
[Result "1/2-1/2"]
[WhiteElo "1897"]
[BlackElo "2007"]
[PlyCount "108"]
[EventDate "2015.05.22"]
[EventType "swiss"]
[EventRounds "7"]
[EventCountry "NED"]
[Source "P.Boonen"]
[SourceDate "2015.10.01"]

1. e4 d6 2. d4 Nf6 3. Nc3 Nbd7 4. Nf3 e5 5. Be2 c6 6. h3 Qc7 7. Be3 Be7 8. Qd2
b5 9. a3 a6 10. O-O h6 11. Nh2 Bb7 12. Ng4 exd4 13. Qxd4 c5 14. Qd3 Nxg4 15.
Bxg4 h5 16. Nd5 Bxd5 17. Bxd7+ Qxd7 18. Qxd5 Rc8 19. Rad1 Qc6 20. Bf4 Qxd5 21.
Rxd5 Rc6 22. Rfd1 Kd7 23. Be3 c4 24. e5 g5 25. exd6 Rxd6 26. Rxd6+ Bxd6 27.
Bxg5 Kc6 28. Kf1 Be5 29. b3 f6 30. Be3 Re8 31. bxc4 bxc4 32. Rb1 a5 33. a4 Bc7
34. Rb5 Re5 35. Bf4 Rxb5 36. axb5+ Kb6 37. Bxc7+ Kxc7 38. Ke2 a4 39. Kd2 Kb6
40. g4 h4 41. f4 Kxb5 42. Kc3 Kc5 43. g5 fxg5 44. fxg5 Kd5 45. g6 Ke6 46. Kxc4
Kf6 47. Kb4 Kxg6 48. Kxa4 Kf5 49. Kb5 Kf4 50. c4 Kg3 51. c5 Kxh3 52. c6 Kg2 53.
c7 h3 54. c8=Q h2 1/2-1/2

[Event "BPB Limburg open B"]
[Site "Maastricht"]
[Date "2015.05.25"]
[Round "6"]
[White "Willen, Ronny"]
[Black "De Boer, Bas"]
[Result "0-1"]
[WhiteElo "1873"]
[BlackElo "1763"]
[PlyCount "72"]
[EventDate "2015.05.22"]
[EventType "swiss"]
[EventRounds "7"]
[EventCountry "NED"]
[Source "P.Boonen"]
[SourceDate "2015.10.01"]

1. e4 c5 2. c3 Nf6 3. e5 Nd5 4. Nf3 d6 5. d4 cxd4 6. cxd4 Nc6 7. Bc4 Nb6 8. Bb3
e6 9. O-O Qc7 10. Qe2 Be7 11. Nc3 a6 12. Bf4 d5 13. Rfc1 O-O 14. Bg3 Qd8 15.
Rd1 Bd7 16. Rac1 Na5 17. Bc2 Nbc4 18. Bb1 Qb6 19. Bh4 Bxh4 20. Nxh4 Nxb2 21.
Qh5 h6 22. g4 Qd8 23. f4 Be8 24. g5 f5 25. Ng6 Bxg6 26. Qxg6 Qe8 27. Qxe8 Rfxe8
28. Rd2 Nbc4 29. Rg2 Kf7 30. Bd3 b5 31. Kf1 h5 32. g6+ Ke7 33. h4 Nc6 34. Ne2
Nb4 35. Bb1 Rac8 36. Rg5 Rh8 0-1

[Event "BPB Limburg open B"]
[Site "Maastricht"]
[Date "2015.05.25"]
[Round "6"]
[White "Wlogalski, Olivier"]
[Black "Karstens, Lex"]
[Result "1/2-1/2"]
[WhiteElo "1892"]
[BlackElo "1852"]
[PlyCount "80"]
[EventDate "2015.05.22"]
[EventType "swiss"]
[EventRounds "7"]
[EventCountry "NED"]
[Source "P.Boonen"]
[SourceDate "2015.10.01"]

1. d4 Nf6 2. c4 e5 3. dxe5 Ng4 4. Nf3 Bc5 5. e3 Nc6 6. Be2 O-O 7. O-O Re8 8.
Nc3 Ngxe5 9. Nxe5 Nxe5 10. b3 a5 11. a3 Ra6 12. e4 d6 13. Nd5 c6 14. Nc3 Qh4
15. Na4 Qxe4 16. Nxc5 dxc5 17. Be3 b6 18. Qd6 Ra7 19. Rfe1 Be6 20. Qd2 Rd7 21.
Qc3 f6 22. Red1 Rxd1+ 23. Rxd1 Qg6 24. Bf1 Bg4 25. Rd6 Bf5 26. Bf4 Nd7 27. Rxc6
Re4 28. Bg3 Rd4 29. Rd6 Rxd6 30. Bxd6 Qe8 31. b4 axb4 32. axb4 Qe6 33. Qd2 g5
34. bxc5 Nxc5 35. Qd4 Nb3 36. Qxb6 Nd2 37. Qd8+ Kf7 38. Qc7+ Kg6 39. Bf8 Qf7
40. Qxf7+ Kxf7 1/2-1/2

[Event "BPB Limburg open B"]
[Site "Maastricht"]
[Date "2015.05.25"]
[Round "7"]
[White "Behr, Rene"]
[Black "Orbons, Richard"]
[Result "1/2-1/2"]
[WhiteElo "1881"]
[BlackElo "1578"]
[PlyCount "68"]
[EventDate "2015.05.22"]
[EventType "swiss"]
[EventRounds "7"]
[EventCountry "NED"]
[Source "P.Boonen"]
[SourceDate "2015.10.01"]

1. c4 g6 2. Nc3 Bg7 3. g3 Nf6 4. Bg2 O-O 5. d3 d6 6. e4 c5 7. Nge2 Nc6 8. O-O
a6 9. Rb1 Bd7 10. h3 Rb8 11. Be3 Qc8 12. Kh2 h6 13. b3 b5 14. Qd2 Kh7 15. Nd5
Nxd5 16. cxd5 Nd4 17. Bxd4 cxd4 18. Rbc1 Qd8 19. Rc2 Qb6 20. Rfc1 Rbc8 21. f4
Rxc2 22. Rxc2 Rc8 23. h4 Rxc2 24. Qxc2 b4 25. Bh3 Bb5 26. Kg2 a5 27. Kf3 Qa6
28. Nc1 Qb6 29. Qc8 Qc5 30. Qxc5 dxc5 31. Ke2 Kg8 32. Kd2 Kf8 33. Ne2 Ke8 34.
Kc2 Kd8 1/2-1/2

[Event "BPB Limburg open B"]
[Site "Maastricht"]
[Date "2015.05.25"]
[Round "7"]
[White "Bekedam, Tyro"]
[Black "Veldhuysen, Klaas"]
[Result "1-0"]
[WhiteElo "1879"]
[BlackElo "1959"]
[PlyCount "63"]
[EventDate "2015.05.22"]
[EventType "swiss"]
[EventRounds "7"]
[EventCountry "NED"]
[Source "P.Boonen"]
[SourceDate "2015.10.01"]

1. e4 c5 2. Nf3 Nc6 3. d4 cxd4 4. Nxd4 e5 5. Nb5 d6 6. N1c3 a6 7. Na3 Be7 8.
Bc4 Nf6 9. Bg5 b5 10. Bxf6 Bxf6 11. Bxf7+ Kxf7 12. Qd5+ Be6 13. Qxc6 Rb8 14.
Nd5 Qa5+ 15. c3 Be7 16. Qc7 Qxc7 17. Nxc7 Bc8 18. O-O-O Bb7 19. Nd5 Bg5+ 20.
Kb1 Rhd8 21. Nc2 a5 22. h4 Be7 23. Nce3 Bf8 24. f3 g6 25. Rd3 Rdc8 26. Rhd1 Ba6
27. b3 Rc6 28. b4 a4 29. f4 exf4 30. Rf1 Bg7 31. Rxf4+ Kg8 32. Ne7+ 1-0

[Event "BPB Limburg open B"]
[Site "Maastricht"]
[Date "2015.05.25"]
[Round "7"]
[White "Bettman, Jan"]
[Black "Kalle, Erwin"]
[Result "0-1"]
[WhiteElo "1870"]
[BlackElo "1744"]
[PlyCount "80"]
[EventDate "2015.05.22"]
[EventType "swiss"]
[EventRounds "7"]
[EventCountry "NED"]
[Source "P.Boonen"]
[SourceDate "2015.10.01"]

1. e4 e6 2. d4 d5 3. Nc3 Bb4 4. f3 c5 5. Be3 Nc6 6. a3 Bxc3+ 7. bxc3 dxe4 8.
fxe4 Qh4+ 9. Kd2 Qxe4 10. Nf3 Nf6 11. Bd3 Qd5 12. c4 Qd8 13. c3 O-O 14. Kc1 Re8
15. Ra2 e5 16. dxe5 Ng4 17. Bg5 Qc7 18. Bf4 Ngxe5 19. Kb1 Qd7 20. Re2 Nxd3 21.
Rxe8+ Qxe8 22. Qxd3 g6 23. Nh4 Qe7 24. Bg3 Be6 25. Re1 Rd8 26. Qe3 b6 27. Qf3
Qd7 28. Qf6 Bxc4 29. Nf3 Qf5+ 30. Qxf5 gxf5 31. Bh4 Rd7 32. Bf6 Bd3+ 33. Kb2
Be4 34. g4 Rd6 35. g5 h6 36. Ne5 Rxf6 37. gxf6 Nxe5 38. Rd1 Nd3+ 39. Kb3 f4 40.
Rf1 f3 0-1

[Event "BPB Limburg open B"]
[Site "Maastricht"]
[Date "2015.05.25"]
[Round "7"]
[White "Beukema, Jasper"]
[Black "Koelmans, Jan Willem"]
[Result "0-1"]
[WhiteElo "1933"]
[BlackElo "1905"]
[PlyCount "64"]
[EventDate "2015.05.22"]
[EventType "swiss"]
[EventRounds "7"]
[EventCountry "NED"]
[Source "P.Boonen"]
[SourceDate "2015.10.01"]

1. e4 c5 2. Nc3 Nc6 3. Bb5 Nd4 4. Bc4 d6 5. Nf3 e5 6. d3 Nf6 7. h3 Be7 8. O-O
O-O 9. Nd5 Nxd5 10. Bxd5 Rb8 11. Nxd4 cxd4 12. f4 Be6 13. Bxe6 fxe6 14. fxe5
dxe5 15. c4 Qd7 16. Bd2 Rxf1+ 17. Qxf1 Rf8 18. Qe2 Bh4 19. Qg4 Bf2+ 20. Kh1 Be3
21. Be1 Rf1+ 22. Kh2 Bg1+ 23. Kg3 Qf7 24. Rd1 h5 25. Qg5 Bf2+ 26. Kh2 Rxe1 27.
Rxe1 Bxe1 28. Qxe5 Bf2 29. Qb8+ Kh7 30. Qxa7 h4 31. g4 Bg3+ 32. Kg2 Qf2+ 0-1

[Event "BPB Limburg open B"]
[Site "Maastricht"]
[Date "2015.05.25"]
[Round "7"]
[White "Bishoen, B."]
[Black "Cote, Frederic"]
[Result "1/2-1/2"]
[WhiteElo "1932"]
[BlackElo "1950"]
[PlyCount "60"]
[EventDate "2015.05.22"]
[EventType "swiss"]
[EventRounds "7"]
[EventCountry "NED"]
[Source "P.Boonen"]
[SourceDate "2015.10.01"]

1. c4 e5 2. g3 d6 3. Bg2 Nc6 4. d3 Be7 5. Nc3 Be6 6. e3 Nf6 7. Nge2 Qd7 8. Qb3
Rb8 9. O-O Bh3 10. e4 h5 11. f4 h4 12. f5 Bxg2 13. Kxg2 hxg3 14. Nxg3 Nd4 15.
Qd1 c6 16. Nce2 Nxe2 17. Qxe2 Bd8 18. Be3 Bb6 19. Rh1 Bxe3 20. Qxe3 c5 21. Qg5
Ke7 22. h4 Rh7 23. Rh2 Rbh8 24. Kf3 Qa4 25. b3 Qb4 26. Rah1 Qc3 27. Qe3 Kd7 28.
h5 Rh6 29. Ne2 Qa5 30. Ng3 Qc3 1/2-1/2

[Event "BPB Limburg open B"]
[Site "Maastricht"]
[Date "2015.05.25"]
[Round "7"]
[White "Blijlevens, Pim"]
[Black "Leontiev, Oleg"]
[Result "1/2-1/2"]
[WhiteElo "1943"]
[BlackElo "1929"]
[PlyCount "59"]
[EventDate "2015.05.22"]
[EventType "swiss"]
[EventRounds "7"]
[EventCountry "NED"]
[Source "P.Boonen"]
[SourceDate "2015.10.01"]

1. d4 d5 2. c4 c6 3. Nf3 Nf6 4. Nc3 e6 5. cxd5 exd5 6. Bg5 Be7 7. e3 Bg4 8. Bd3
h6 9. Bxf6 Bxf6 10. h3 Be6 11. Qc2 O-O 12. g4 Nd7 13. O-O-O c5 14. Rdg1 cxd4
15. exd4 Re8 16. h4 Qb6 17. g5 hxg5 18. hxg5 Bxd4 19. Nxd4 Qxd4 20. Qd2 Qb4 21.
Rg2 Rac8 22. Rgh2 Kf8 23. Bc2 Qc5 24. f4 d4 25. Ne2 d3 26. Qxd3 Bf5 27. Rh8+
Ke7 28. Rxe8+ Kxe8 29. Qc3 Qxc3 30. Nxc3 1/2-1/2

[Event "BPB Limburg open B"]
[Site "Maastricht"]
[Date "2015.05.25"]
[Round "7"]
[White "Bojanowski, Roman"]
[Black "Frijling, Jeroen"]
[Result "1-0"]
[WhiteElo "1919"]
[BlackElo "1836"]
[PlyCount "91"]
[EventDate "2015.05.22"]
[EventType "swiss"]
[EventRounds "7"]
[EventCountry "NED"]
[Source "P.Boonen"]
[SourceDate "2015.10.01"]

1. e4 c5 2. Nf3 Nc6 3. d4 cxd4 4. Nxd4 e5 5. Nb5 d6 6. c4 Be7 7. N1c3 a6 8. Na3
f5 9. Bd3 f4 10. Qh5+ g6 11. Qd1 Nf6 12. Bd2 O-O 13. Nc2 Be6 14. Nd5 Bxd5 15.
cxd5 Nb8 16. Qf3 Nbd7 17. b4 g5 18. h3 h5 19. O-O-O Rc8 20. Kb1 Nb6 21. g3 g4
22. hxg4 hxg4 23. Qg2 f3 24. Qh2 Kf7 25. Qh6 Rh8 26. Qg5 Qd7 27. Rxh8 Rxh8 28.
Qe3 Na4 29. a3 Bd8 30. Qe1 Bb6 31. Be3 Qc7 32. Bxb6 Qxb6 33. Ne3 Rc8 34. Rc1
Rxc1+ 35. Qxc1 Qd4 36. Qc2 Nc3+ 37. Kc1 Kg6 38. Nf5 Na2+ 39. Kb1 Nc3+ 40. Ka1
Qb6 41. Qxc3 Qxf2 42. Qc7 Ne8 43. Qc1 Kf7 44. Qg5 Qe1+ 45. Kb2 Qf2+ 46. Bc2 1-0

[Event "BPB Limburg open B"]
[Site "Maastricht"]
[Date "2015.05.25"]
[Round "7"]
[White "Boom, Harrie"]
[Black "Stuch, Hans Ferdinand"]
[Result "1/2-1/2"]
[WhiteElo "1780"]
[BlackElo "1767"]
[PlyCount "67"]
[EventDate "2015.05.22"]
[EventType "swiss"]
[EventRounds "7"]
[EventCountry "NED"]
[Source "P.Boonen"]
[SourceDate "2015.10.01"]

1. e4 e5 2. Nf3 Nf6 3. Nxe5 Nxe4 4. Qe2 Qe7 5. Qxe4 d6 6. d4 dxe5 7. Qxe5 Qxe5+
8. dxe5 Bf5 9. Bd3 Bxd3 10. cxd3 Nc6 11. Kd2 O-O-O 12. f4 Nb4 13. Nc3 Nxd3 14.
Ke2 g5 15. Rd1 Nxc1+ 16. Raxc1 Bg7 17. g3 gxf4 18. gxf4 Bh6 19. Kf3 Rhe8 20. h4
a6 21. Ne4 Rh8 22. Ng5 Bxg5 23. hxg5 h6 24. Rxd8+ Kxd8 25. Rh1 h5 26. f5 Ke7
27. Kf4 c5 28. Rd1 h4 29. Kg4 h3 30. Rh1 h2 31. Kg3 Rh5 32. Rxh2 Rxg5+ 33. Kf4
Rg8 34. Rh6 1/2-1/2

[Event "BPB Limburg open B"]
[Site "Maastricht"]
[Date "2015.05.25"]
[Round "7"]
[White "Bosboom, Ardin"]
[Black "Cornelius, Jorg"]
[Result "0-1"]
[WhiteElo "1839"]
[BlackElo "2022"]
[PlyCount "66"]
[EventDate "2015.05.22"]
[EventType "swiss"]
[EventRounds "7"]
[EventCountry "NED"]
[Source "P.Boonen"]
[SourceDate "2015.10.01"]

1. d4 Nf6 2. g3 c5 3. d5 g6 4. c4 d6 5. Nc3 Bg7 6. e4 b5 7. cxb5 a6 8. f4 Nbd7
9. Qc2 O-O 10. Nf3 axb5 11. Bxb5 Qa5 12. a4 Nxe4 13. Bd2 Nxd2 14. Nxd2 Nf6 15.
O-O Bf5 16. Bd3 Bxd3 17. Qxd3 Rfb8 18. Nc4 Qb4 19. a5 Ng4 20. Ra4 Qb3 21. Ra3
Bd4+ 22. Kh1 Qb7 23. Qf3 Nf6 24. Nb6 Ra6 25. Kg2 Nd7 26. Nc4 Qb4 27. Ra4 Qb3
28. Rfa1 Qc2+ 29. Kh1 Bxc3 30. Qxc3 Qe4+ 31. Kg1 Qxd5 32. Re1 e6 33. Re3 Qd1+
0-1

[Event "BPB Limburg open B"]
[Site "Maastricht"]
[Date "2015.05.25"]
[Round "7"]
[White "Coenen, Bert"]
[Black "Leentjens, Gilbert"]
[Result "1/2-1/2"]
[WhiteElo "1846"]
[BlackElo "1818"]
[PlyCount "47"]
[EventDate "2015.05.22"]
[EventType "swiss"]
[EventRounds "7"]
[EventCountry "NED"]
[Source "P.Boonen"]
[SourceDate "2015.10.01"]

1. e4 e5 2. Nf3 Nc6 3. c3 Nf6 4. d3 a6 5. Be2 Bc5 6. Nbd2 d6 7. O-O Ba7 8. h3
O-O 9. Re1 h6 10. Nf1 Be6 11. Be3 Qd7 12. Bxa7 Rxa7 13. Ng3 d5 14. Qc2 dxe4 15.
dxe4 Raa8 16. Rad1 Qe7 17. b4 Nd7 18. Nf5 Bxf5 19. exf5 Rad8 20. Bd3 Nf6 21.
Be4 Nxe4 22. Qxe4 Rfe8 23. Rxd8 Qxd8 24. Qc2 1/2-1/2

[Event "BPB Limburg open B"]
[Site "Maastricht"]
[Date "2015.05.25"]
[Round "7"]
[White "Cromsight, Jeroen"]
[Black "Van Dael, Siem"]
[Result "1-0"]
[WhiteElo "1981"]
[BlackElo "1813"]
[PlyCount "49"]
[EventDate "2015.05.22"]
[EventType "swiss"]
[EventRounds "7"]
[EventCountry "NED"]
[Source "P.Boonen"]
[SourceDate "2015.10.01"]

1. e4 e5 2. Nf3 Nc6 3. Bc4 Nf6 4. Ng5 d5 5. exd5 Na5 6. Bb5+ c6 7. dxc6 bxc6 8.
Qf3 Rb8 9. Bd3 Bg4 10. Qg3 Bd6 11. Ne4 Nxe4 12. Bxe4 f5 13. h3 Rb4 14. Nc3 O-O
15. hxg4 fxe4 16. Qh4 Qxh4 17. Rxh4 Bc5 18. Nd1 Nc4 19. b3 Rb7 20. bxc4 Rbf7
21. Rh1 Bxf2+ 22. Nxf2 Rxf2 23. Ba3 R8f4 24. Rg1 Rf7 25. Bc5 1-0

[Event "BPB Limburg open B"]
[Site "Maastricht"]
[Date "2015.05.25"]
[Round "7"]
[White "Daamen, Roland"]
[Black "Hilwerda, Jonas"]
[Result "1/2-1/2"]
[WhiteElo "2028"]
[BlackElo "1716"]
[PlyCount "33"]
[EventDate "2015.05.22"]
[EventType "swiss"]
[EventRounds "7"]
[EventCountry "NED"]
[Source "P.Boonen"]
[SourceDate "2015.10.01"]

1. e4 e5 2. Nf3 Nc6 3. Bb5 a6 4. Ba4 Nf6 5. O-O Be7 6. Re1 b5 7. Bb3 O-O 8. a4
b4 9. d3 d6 10. h3 Na5 11. Nbd2 Nxb3 12. cxb3 c5 13. Nc4 Ne8 14. Ne3 f5 15.
Nxf5 Bxf5 16. exf5 Rxf5 17. Qe2 1/2-1/2

[Event "BPB Limburg open B"]
[Site "Maastricht"]
[Date "2015.05.25"]
[Round "7"]
[White "Dardha, Daniel"]
[Black "Arns, Danny"]
[Result "1/2-1/2"]
[WhiteElo "1874"]
[BlackElo "1841"]
[PlyCount "40"]
[EventDate "2015.05.22"]
[EventType "swiss"]
[EventRounds "7"]
[EventCountry "NED"]
[Source "P.Boonen"]
[SourceDate "2015.10.01"]

1. e4 e6 2. d4 d5 3. Nd2 Be7 4. Bd3 c5 5. c3 cxd4 6. cxd4 Nc6 7. Ngf3 dxe4 8.
Nxe4 Nf6 9. O-O O-O 10. Be3 b6 11. a3 Bb7 12. Rc1 Rc8 13. Qe2 Qd5 14. Nc3 Qh5
15. Rfd1 Bd6 16. Ne4 Nxe4 17. Bxe4 f5 18. Bd3 Rf6 19. Ba6 Bxa6 20. Qxa6 Rc7
1/2-1/2

[Event "BPB Limburg open B"]
[Site "Maastricht"]
[Date "2015.05.25"]
[Round "7"]
[White "De Boer, Bas"]
[Black "Feltman, Bart"]
[Result "1-0"]
[WhiteElo "1763"]
[BlackElo "1806"]
[PlyCount "45"]
[EventDate "2015.05.22"]
[EventType "swiss"]
[EventRounds "7"]
[EventCountry "NED"]
[Source "P.Boonen"]
[SourceDate "2015.10.01"]

1. d4 e6 2. c4 b6 3. Nf3 Bb7 4. g3 Bb4+ 5. Bd2 Qe7 6. Bg2 Nf6 7. a3 Bxd2+ 8.
Nbxd2 c5 9. dxc5 bxc5 10. O-O O-O 11. b4 d5 12. bxc5 dxc4 13. Nxc4 Na6 14. Nd6
Nxc5 15. Nxb7 Nxb7 16. Ne5 Rac8 17. Qb1 Na5 18. Qb4 Qc5 19. Nd3 Qh5 20. Nf4 Nc6
21. Qxf8+ Kxf8 22. Nxh5 Nxh5 23. Rfc1 1-0

[Event "BPB Limburg open B"]
[Site "Maastricht"]
[Date "2015.05.25"]
[Round "7"]
[White "De Boer, Eelke"]
[Black "De Mon, Gino"]
[Result "1/2-1/2"]
[WhiteElo "1912"]
[BlackElo "1855"]
[PlyCount "85"]
[EventDate "2015.05.22"]
[EventType "swiss"]
[EventRounds "7"]
[EventCountry "NED"]
[Source "P.Boonen"]
[SourceDate "2015.10.01"]

1. e4 c5 2. Nf3 g6 3. d4 cxd4 4. Nxd4 Nc6 5. c4 Bg7 6. Be3 Nf6 7. Nc3 O-O 8.
Be2 d6 9. Qd2 Bd7 10. O-O Nxd4 11. Bxd4 Bc6 12. f3 a6 13. Rfd1 Nd7 14. Rac1
Bxd4+ 15. Qxd4 Qb6 16. Qxb6 Nxb6 17. Nd5 Bxd5 18. cxd5 Rfc8 19. f4 Rxc1 20.
Rxc1 Rc8 21. Rxc8+ Nxc8 22. Bg4 Nb6 23. b3 Kf8 24. a4 a5 25. Kf2 Ke8 26. g3 Na8
27. Bc8 b6 28. Bb7 Nc7 29. Ke3 f6 30. h4 Kf7 31. Bc8 Kg7 32. b4 Kh6 33. bxa5
bxa5 34. g4 g5 35. h5 Kg7 36. f5 h6 37. Bb7 Kf7 38. Kd4 Ke8 39. Kc3 Kd7 40. Kd4
Kd8 41. Kc4 Ke8 42. Bc6+ Kd8 43. Bb7 1/2-1/2

[Event "BPB Limburg open B"]
[Site "Maastricht"]
[Date "2015.05.25"]
[Round "7"]
[White "De Feijter, Bas"]
[Black "Hoornstra, Hans"]
[Result "1/2-1/2"]
[WhiteElo "2007"]
[BlackElo "1955"]
[PlyCount "51"]
[EventDate "2015.05.22"]
[EventType "swiss"]
[EventRounds "7"]
[EventCountry "NED"]
[Source "P.Boonen"]
[SourceDate "2015.10.01"]

1. d4 Nf6 2. c4 e6 3. g3 c5 4. d5 exd5 5. cxd5 d6 6. Nc3 g6 7. Bg2 Bg7 8. Nf3
O-O 9. O-O Re8 10. Nd2 b6 11. Re1 Ba6 12. a4 Nbd7 13. Nb5 Ne5 14. h3 g5 15. Nf3
Nxf3+ 16. Bxf3 h6 17. Bg2 Ne4 18. Qc2 Bxb5 19. axb5 f5 20. Ra4 Qd7 21. Qd3 Re7
22. Bxe4 fxe4 23. Rxe4 Rxe4 24. Qxe4 Re8 25. Qg6 Rf8 26. Kg2 1/2-1/2

[Event "BPB Limburg open B"]
[Site "Maastricht"]
[Date "2015.05.25"]
[Round "7"]
[White "Dietz, Jonas"]
[Black "Willen, Ronny"]
[Result "1-0"]
[WhiteElo "1744"]
[BlackElo "1873"]
[PlyCount "57"]
[EventDate "2015.05.22"]
[EventType "swiss"]
[EventRounds "7"]
[EventCountry "NED"]
[Source "P.Boonen"]
[SourceDate "2015.10.01"]

1. b3 e5 2. Bb2 Nc6 3. e3 d6 4. Bb5 Bd7 5. d3 g6 6. f4 Bg7 7. Nf3 f6 8. O-O
Nge7 9. fxe5 dxe5 10. Bc4 Na5 11. Nxe5 Nxc4 12. Nxc4 O-O 13. e4 Nc6 14. Nbd2 b5
15. Ne3 Be6 16. Nf3 Ne7 17. Qd2 c6 18. Rf2 Qc7 19. Raf1 Rf7 20. Nd4 Bd7 21. Nf3
Raf8 22. d4 Bh6 23. Qd3 a6 24. Ba3 Re8 25. Ne5 Bxe3 26. Qxe3 Nf5 27. Rxf5 Bxf5
28. Nxf7 Rxe4 29. Nh6+ 1-0

[Event "BPB Limburg open B"]
[Site "Maastricht"]
[Date "2015.05.25"]
[Round "7"]
[White "Eveleens, Ed"]
[Black "Mercan, Oscar"]
[Result "1-0"]
[WhiteElo "1777"]
[BlackElo "1794"]
[PlyCount "123"]
[EventDate "2015.05.22"]
[EventType "swiss"]
[EventRounds "7"]
[EventCountry "NED"]
[Source "P.Boonen"]
[SourceDate "2015.10.01"]

1. Nf3 d5 2. c3 Bf5 3. Qb3 b6 4. Nd4 Bc8 5. Nf3 Bb7 6. d4 Nf6 7. Nbd2 e6 8. Ne5
Bd6 9. Ndf3 O-O 10. Bg5 h6 11. Bxf6 Qxf6 12. e3 Qe7 13. Bd3 c5 14. Qd1 Nd7 15.
Nxd7 Qxd7 16. Nh4 a5 17. O-O Qc7 18. f4 Bc6 19. Qe2 Be7 20. Nf3 Be8 21. Ne5 c4
22. Bb1 b5 23. f5 Bd6 24. Ng4 exf5 25. Bxf5 f6 26. Be6+ Bf7 27. Nxf6+ Kh8 28.
Bxf7 Qxf7 29. Ng4 Qh5 30. Rxf8+ Rxf8 31. h3 b4 32. Rf1 bxc3 33. bxc3 Rxf1+ 34.
Qxf1 Qe8 35. Qf3 Qe6 36. Ne5 Ba3 37. Qe2 Qf5 38. Qf3 Qb1+ 39. Kh2 Qe4 40. Nf7+
Kg8 41. Qxe4 dxe4 42. Nd8 Bb2 43. Nc6 Bxc3 44. Ne5 Kf8 45. Nxc4 Ke7 46. Kg1 Ke6
47. Kf2 Kd5 48. Na3 Bb2 49. Nc2 Kc4 50. Ke2 a4 51. Kd2 Bc3+ 52. Ke2 Ba5 53. g3
Kc3 54. Kd1 Kb2 55. a3 Bc7 56. g4 g5 57. d5 Bd6 58. Kd2 Bc7 59. Kd1 Kc3 60. Nd4
Kd3 61. Nf5 Kc4 62. d6 1-0

[Event "BPB Limburg open B"]
[Site "Maastricht"]
[Date "2015.05.25"]
[Round "7"]
[White "Goes, Dirk"]
[Black "Boudry, William"]
[Result "1-0"]
[WhiteElo "1936"]
[BlackElo "1711"]
[PlyCount "57"]
[EventDate "2015.05.22"]
[EventType "swiss"]
[EventRounds "7"]
[EventCountry "NED"]
[Source "P.Boonen"]
[SourceDate "2015.10.01"]

1. d4 Nf6 2. Bg5 Ne4 3. Bh4 c5 4. f3 Nf6 5. d5 d6 6. c4 Nbd7 7. Nc3 g6 8. e4
Bg7 9. Nh3 O-O 10. Nf2 b6 11. Qd2 Ba6 12. b3 Qc7 13. Rd1 Rad8 14. Be2 h6 15. f4
Rfe8 16. O-O Nf8 17. Bf3 Bc8 18. Rfe1 e5 19. fxe5 dxe5 20. a4 a6 21. Nd3 g5 22.
Bf2 Ng6 23. a5 Ng4 24. Bxg4 Bxg4 25. axb6 Qxb6 26. Rb1 Nf4 27. b4 Qg6 28. bxc5
Bf8 29. c6 1-0

[Event "BPB Limburg open B"]
[Site "Maastricht"]
[Date "2015.05.25"]
[Round "7"]
[White "Ibrahim, Ashraf"]
[Black "Roufs, Gerard"]
[Result "1-0"]
[WhiteElo "1824"]
[BlackElo "1986"]
[PlyCount "133"]
[EventDate "2015.05.22"]
[EventType "swiss"]
[EventRounds "7"]
[EventCountry "NED"]
[Source "P.Boonen"]
[SourceDate "2015.10.01"]

1. d4 d5 2. c4 c6 3. Nc3 Nf6 4. Nf3 dxc4 5. e3 b5 6. a4 b4 7. Na2 e6 8. Bxc4
Be7 9. Ne5 O-O 10. Bd2 a5 11. Qc2 Qb6 12. Nc1 c5 13. Nb3 cxd4 14. exd4 Bb7 15.
O-O Rc8 16. Be3 Bd5 17. Qe2 Qb7 18. f4 Nbd7 19. Rac1 Nb6 20. Nc5 Bxc5 21. Bxd5
Nbxd5 22. dxc5 Nxe3 23. Qxe3 Nd5 24. Qd4 Ne7 25. Rfd1 Nc6 26. Qe4 Rc7 27. Nc4
Ne7 28. Qxb7 Rxb7 29. Nxa5 Rc7 30. Nb3 g6 31. a5 Nc6 32. Ra1 Rca7 33. Rdc1 Nxa5
34. Nxa5 Rxa5 35. Rxa5 Rxa5 36. c6 Ra8 37. Kf2 Kf8 38. Ke3 Ke7 39. Kd4 Kd6 40.
c7 Rc8 41. Rc5 f6 42. b3 e5+ 43. fxe5+ fxe5+ 44. Kc4 e4 45. Kxb4 e3 46. Rc3 e2
47. Re3 e1=Q+ 48. Rxe1 Rxc7 49. Rd1+ Ke5 50. Rd2 Rb7+ 51. Kc3 Rc7+ 52. Kb2 Rb7
53. Rc2 Kd5 54. Rc8 Kd4 55. Rc4+ Kd3 56. Ra4 Kd2 57. b4 Kd3 58. Kb3 Kd4 59. Ra5
Rb6 60. Rc5 h5 61. Rc8 Ke3 62. Rf8 Kd4 63. h3 Kd5 64. g4 Kc6 65. Rf6+ Kb5 66.
Rxb6+ Kxb6 67. Kc4 1-0

[Event "BPB Limburg open B"]
[Site "Maastricht"]
[Date "2015.05.25"]
[Round "7"]
[White "Jansen, Ingeborg"]
[Black "Loose, Rob"]
[Result "1/2-1/2"]
[WhiteElo "1840"]
[BlackElo "1908"]
[PlyCount "31"]
[EventDate "2015.05.22"]
[EventType "swiss"]
[EventRounds "7"]
[EventCountry "NED"]
[Source "P.Boonen"]
[SourceDate "2015.10.01"]

1. e4 Nf6 2. e5 Nd5 3. c4 Nb6 4. d4 d6 5. exd6 cxd6 6. Nc3 g6 7. a4 Bg7 8. Bf4
N6d7 9. Nf3 Nf6 10. Be2 Nc6 11. O-O O-O 12. Qd2 Bg4 13. Rfe1 Na5 14. Qd3 Bxf3
15. Qxf3 Nd7 16. Rad1 1/2-1/2

[Event "BPB Limburg open B"]
[Site "Maastricht"]
[Date "2015.05.25"]
[Round "7"]
[White "Jensen, Johnny"]
[Black "Schubert, Karl"]
[Result "1/2-1/2"]
[WhiteElo "1853"]
[BlackElo "1952"]
[PlyCount "91"]
[EventDate "2015.05.22"]
[EventType "swiss"]
[EventRounds "7"]
[EventCountry "NED"]
[Source "P.Boonen"]
[SourceDate "2015.10.01"]

1. e4 d6 2. d4 Nf6 3. Nc3 g6 4. f3 Bg7 5. Be3 c6 6. Qd2 h6 7. O-O-O b5 8. g4 a6
9. h4 Bb7 10. Bg2 Nbd7 11. g5 hxg5 12. hxg5 Nh5 13. f4 Qc7 14. f5 O-O-O 15.
Nge2 c5 16. fxg6 fxg6 17. Bf3 Nb6 18. Bxh5 gxh5 19. Rh3 b4 20. Nd5 Nxd5 21.
exd5 Bxd5 22. Nf4 Bf7 23. g6 Bxa2 24. d5 Qa5 25. Bg1 Bc4 26. Qe3 Qa1+ 27. Kd2
Qxb2 28. Qe6+ Kb8 29. Bxc5 Bc3+ 30. Ke3 Be5 31. Bd4 Bxd4+ 32. Rxd4 Qc1+ 33. Rd2
Qe1+ 34. Ne2 Bxe2 35. Rxe2 Qc3+ 36. Kf2 Rdf8+ 37. Kg2 Qd4 38. c3 Qf4 39. Qxe7
Rhg8 40. Rg3 h4 41. Rg5 h3+ 42. Kh1 b3 43. Rf2 Qxf2 44. Qxd6+ Ka7 45. Qc7+ Ka8
46. Qc6+ 1/2-1/2